| 000 | 02046nam a2200385 ia4500 | ||
|---|---|---|---|
| 003 | OSt | ||
| 005 | 20260521120445.0 | ||
| 008 | 260521t20252025-uka gr 000 1ceng d | ||
| 020 |
_a9781835623022 _cRM85.50 _qhardback |
||
| 040 |
_aPPAK _beng _cPPAK _erda |
||
| 082 | 0 | 4 |
_223 _a823.92 |
| 090 | 0 | 0 |
_a823.92 _bNTU _dG |
| 100 | 1 |
_aNtumy, Cheryl S., _eauthor. |
|
| 245 | 1 | 0 |
_aBLACK FRIDAY : _bShort Stories from Africa / _cCheryl S. Ntumy ; Foreword by Eugen Bacon ; Senior Project Editor: Gillian Whitaker ; Illustrator: Marvin Opuni Kwabia |
| 246 | 3 | 4 |
_aBlack friday : _bShort stories from Africa, fantasy and science fiction from a powerful African voice |
| 264 | 1 |
_aLondon, United kingdom : _bFLAME TREE PUBLISHING, _c2025 |
|
| 264 | 4 | _c©2025 | |
| 300 |
_a[416] pages : _billustrations ; _c20 cm |
||
| 336 |
_atext _2rdacontent |
||
| 337 |
_aunmediated _2rdamedia |
||
| 338 |
_avolume _2rdacarrier |
||
| 490 | 1 | _aBeyond & Within | |
| 504 | _aBibliography: pages 413-414. | ||
| 520 | _a"This collection features nine new stories, including 'Dream State', 'Clickbait' and 'The Feeding Grounds' with other popular tales, such as 'The Storymage' and 'The Way of Baa'gh' (A SauĂștiverse story). The Flame Tree Beyond and Within short story collections bring together tales of myth and imagination by modern and contemporary writers, carefully selected by anthologists, and sometimes featuring short stories from a single author. Overall, the series presents a wide range of diverse and inclusive voices with myth, folkloric-inflected short fiction, and an emphasis on the supernatural, science fiction, the mysterious and the speculative."-- Provided by publisher. | ||
| 650 | 1 | 0 | _aEnglish fiction |
| 650 | 2 | 0 | _aShort stories |
| 650 | 2 | 0 | _aTales |
| 650 | 2 | 0 | _aFantasy fiction |
| 650 | 2 | 0 | _aScience fiction |
| 700 | 1 |
_aBacon, Eugen, _eauthor. |
|
| 700 | 1 |
_aWhitaker, Gillian, _eeditor. |
|
| 700 | 1 |
_aKwabia, Marvin Opuni, _eillustrator. |
|
| 830 | 0 | _aBeyond & within | |
| 942 |
_2ddc _cB |
||
| 999 |
_c204398 _d204398 |
||